| 000 | 00445nam a2200181 a 4500 | ||
|---|---|---|---|
| 001 | 3028 | ||
| 003 | CO-ViMGA | ||
| 008 | 141112s2004 ck r 000 u spa d | ||
| 040 |
_aCO-ViMGA _bspa _cCO-ViMGA |
||
| 082 | 0 | 4 | _aJANv |
| 100 | 1 | _aJanosch | |
| 245 | 1 | 0 | _aVamos a buscar un tesoro |
| 260 |
_aBogotá : _bSantillana, _c1988 |
||
| 300 | _a46 p : il | ||
| 490 | _aInfantil elfaguara | ||
| 650 | 1 | 4 |
_aCUENTOS INFANTILES _92743 |
| 942 |
_2ddc _cBK |
||
| 999 |
_c15083 _d15083 |
||